Central Library OPAC University of Rajshahi

মাইকেল মধুসূদন জীবনভাষ্য / (Record no. 44572)

MARC details
000 -LEADER
fixed length control field 01012nam a2200229 a 4500
001 - CONTROL NUMBER
control field 44572
003 - CONTROL NUMBER IDENTIFIER
rucl marc code BD-RjUL
005 - DATE AND TIME OF LATEST TRANSACTION
control field 20211209053901.0
008 - FIXED-LENGTH DATA ELEMENTS--GENERAL INFORMATION
fixed length control field 160514s1961 ii ||||| b||| 00| 0 ben d
035 ## - SYSTEM CONTROL NUMBER
System control number (BD-RjUL)44690
040 ## - CATALOGING SOURCE
Original cataloging agency BD-RjUL
Language of cataloging ben
Transcribing agency BD-RjUL
Modifying agency BD-RjUL
041 ## - LANGUAGE CODE
Language code of text/sound track or separate title ben
082 ## - DEWEY DECIMAL CLASSIFICATION NUMBER
Edition number 23
Classification number 891.44092
Author mark and year BIM 1961
100 ## - MAIN ENTRY--PERSONAL NAME
Personal name বিশী, শ্রী প্রমথনাথ
9 (RLIN) 126382
245 10 - TITLE STATEMENT
Title মাইকেল মধুসূদন জীবনভাষ্য /
Statement of responsibility, etc. শ্রী প্রমথনাথ বিশী
260 ## - PUBLICATION, DISTRIBUTION, ETC. (IMPRINT)
Place of publication, distribution, etc. কলিকাতা :
Name of publisher, distributor, etc. মিত্র ও ঘোষ,
Date of publication, distribution, etc. ১৯৬১ (১৩৬৮)
300 ## - PHYSICAL DESCRIPTION
Pagination [৮], ১৪৪ পৃ. ;
Size ২৩ সেমি.
504 ## - BIBLIOGRAPHY, ETC. NOTE
Bibliography, etc গ্রন্থপঞ্জি ও পরিশিষ্ট সংযুক্ত
600 ## - SUBJECT ADDED ENTRY--PERSONAL NAME
Personal name মাইকেল মধুসূদন দত্ত
Dates associated with a name ১৮২৪-১৮৭৩
General subdivision জীবনী
Personal name Michel Madhusudan Dutta
Dates associated with a name 1824-1873
General subdivision Biography
942 ## - ADDED ENTRY ELEMENTS (KOHA)
Source of classification or shelving scheme Dewey Decimal Classification
Koha item type Books
Holdings
Lost status Source of classification or shelving scheme Damaged status Not for loan Collection code Permanent Location Current Location Shelving location Date acquired Source of acquisition Cost, normal purchase price Total Checkouts Full call number Date last seen Copy number Koha item type
  Dewey Decimal Classification     Non-fiction Central Library, University of Rajshahi Central Library, University of Rajshahi   22/11/1962 Kamala Book 8.00   B 891.44092 BIM 1961 18/07/2016 C-2 Books